Trí tuệ kinh doanh của người Nhật = Nhật Bản nhân kinh thương trí tuệ

Quan niệm, triết lý và đạo đức kinh doanh của người Nhật

Bewaard in:
Bibliografische gegevens
Hoofdauteur: Lý, Chí Nông
Formaat: Boek
Taal:Undetermined
Gepubliceerd in: Hà Nội Lao động 2015
Onderwerpen:
Tags: Voeg label toe
Geen labels, Wees de eerste die dit record labelt!
Thư viện lưu trữ: Trung tâm Học liệu Trường Đại học Cần Thơ
LEADER 00774nam a2200229Ia 4500
001 CTU_203025
008 210402s9999 xx 000 0 und d
020 |c 80000 
082 |a 658 
082 |b N455 
100 |a Lý, Chí Nông 
245 0 |a Trí tuệ kinh doanh của người Nhật = 
245 0 |b Nhật Bản nhân kinh thương trí tuệ 
245 0 |c Lý Chí Nông ; Tiến Thành (dịch) 
260 |a Hà Nội 
260 |b Lao động 
260 |c 2015 
520 |a Quan niệm, triết lý và đạo đức kinh doanh của người Nhật 
650 |a Quản trị kinh doanh,Business management 
904 |i Nguyên 
910 |a Khoa 
980 |a Trung tâm Học liệu Trường Đại học Cần Thơ